Acuerdos para la promoción y protección de inversiones. Suscritos por la República Dominicana / Leonardo Antonio Abreu Padilla (Registro nro. 2150)

Detalles MARC
000 -LEADER
fixed length control field 00627nam a22001931a 4500
001 - CONTROL NUMBER
control field 2150
003 - CONTROL NUMBER IDENTIFIER
control field OSt
005 - DATE AND TIME OF LATEST TRANSACTION
control field 20260204211801.0
008 - FIXED-LENGTH DATA ELEMENTS--GENERAL INFORMATION
fixed length control field 040124s2002||||dr ||||||b||||||||||spa||
020 ## - NUMERO DE LIBRO INTERNACIONAL NORMALIZADO
International Standard Book Number 099993483362
050 ## - LIBRARY OF CONGRESS CALL NUMBER
Classification number RD 382.9 A38a
082 ## - DEWEY DECIMAL CLASSIFICATION NUMBER
Classification number RD 382.9 A38a
100 ## - ASIENTO PRINCIPAL -- NOMBRE PERSONAL
Personal name Abreu Padilla, Leonardo Antonio
245 ## - TÍTULO PROPIAMENTE DICHO: SUBTÍTULO
Title Acuerdos para la promoción y protección de inversiones. Suscritos por la República Dominicana / Leonardo Antonio Abreu Padilla
264 ## - PRODUCTION, PUBLICATION, DISTRIBUTION, MANUFACTURE, AND COPYRIGHT NOTICE
Place of production, publication, distribution, manufacture Santo Domingo : SEE
300 ## - PHYSICAL DESCRIPTION
Extensión 327 p
650 ## - ASIENTO SECUNDARIO DE MATERIA -- TERMINO TEMÁTICO
Termino Temático Como Elemento de Entrada 1.Acuerdos Comerciales 2.Protección de Inversiones - República DominicanaÌ
942 ## - ADDED ENTRY ELEMENTS (KOHA)
Source of classification or shelving scheme Dewey Decimal Classification
Koha item type Libros
Existencias
Withdrawn status Lost status Source of classification or shelving scheme Damaged status Not for loan Current library Date acquired Total Checkouts Full call number Barcode Date last seen Price effective from Koha item type
    Dewey Decimal Classification     Biblioteca UTECO 09/09/2019   RD 382.9 A38A 006455 09/09/2019 09/09/2019 Libros
© 2021 Derechos Reservados UTECO - Teléfono: +1 809-585-2291 - Correo electrónico: biblioteca@uteco.edu.do​  
Código postal 43000 ​​
Dirección: Avenida Universitaria No. 100, 
Cotuí, Provincia Sánchez Ramírez, República Dominicana - RNC: 404-00059-6